Watts pocket handbook 2010 (Record no. 110490)
[ view plain ]
| 000 -LEADER | |
|---|---|
| fixed length control field | 01269cam a22002895a 4500 |
| 001 - CONTROL NUMBER | |
| control field | E149411 |
| 008 - FIXED-LENGTH DATA ELEMENTS--GENERAL INFORMATION | |
| fixed length control field | 100303s2010 xxk f 000 0 eng d |
| 020 ## - INTERNATIONAL STANDARD BOOK NUMBER | |
| International Standard Book Number | 9781842195512 |
| 035 ## - SYSTEM CONTROL NUMBER | |
| System control number | (Sirsi) u149411 |
| 041 0# - LANGUAGE CODE | |
| Language code of text/sound track or separate title | eng |
| 050 04 - LIBRARY OF CONGRESS CALL NUMBER | |
| Classification number | 690.2 $2 18 |
| 110 2# - MAIN ENTRY--CORPORATE NAME | |
| Corporate name or jurisdiction name as entry element | Watts Group Plc |
| 9 (RLIN) | 5510 |
| 245 00 - TITLE STATEMENT | |
| Title | Watts pocket handbook 2010 |
| 250 ## - EDITION STATEMENT | |
| Edition statement | 26th ed. |
| 260 ## - PUBLICATION, DISTRIBUTION, ETC. | |
| Place of publication, distribution, etc. | [London] |
| Name of publisher, distributor, etc. | RICS |
| Date of publication, distribution, etc. | 2010 |
| 300 ## - PHYSICAL DESCRIPTION | |
| Extent | viii, 464p. |
| Dimensions | 18cm. |
| 350 ## - PRICE (NR) (BK AM CF MU VM SE) [OBSOLETE] | |
| Price | 26.95 |
| 505 2# - FORMATTED CONTENTS NOTE | |
| Formatted contents note | Property investment and ownership -- Maintenance management -- Development and procurement -- Legislation -- Design -- Materials and defects -- Sustainability -- Useful resources -- Index -- Watts Group directory |
| 520 ## - SUMMARY, ETC. | |
| Summary, etc. | 2010 edition of this annual publication providing legal and technical advice and guidance for those working in property and construction. New content in this edition includes: air conditioning inspections; Code for Sustainable Buildings; multi-storey car parks; Managing construction risks in the recession; project stages; rating revaluation 2010; and tree identification. |
| 520 ## - SUMMARY, ETC. | |
| Summary, etc. | Supersedes 25th edition (ISBN 9781842194188 ). |
| 521 ## - TARGET AUDIENCE NOTE | |
| Target audience note | Advanced |
| 590 ## - LOCAL NOTE (RLIN) | |
| Local note | KA |
| 651 #4 - SUBJECT ADDED ENTRY--GEOGRAPHIC NAME | |
| Geographic name | United Kingdom |
| Chronological subdivision | |
| 690 ## - LOCAL SUBJECT ADDED ENTRY--TOPICAL TERM (OCLC, RLIN) | |
| Topical term or geographic name as entry element | BUILT ENVIRONMENT |
| 942 ## - ADDED ENTRY ELEMENTS (KOHA) | |
| Suppress in OPAC | 0 |
| Withdrawn status | Lost status | Source of classification or shelving scheme | Damaged status | Not for loan | Home library | Current library | Shelving location | Date acquired | Total Checkouts | Full call number | Barcode | Date last seen | Copy number | Price effective from | Koha item type |
|---|---|---|---|---|---|---|---|---|---|---|---|---|---|---|---|
| Dewey Decimal Classification | London | London | RICS Boxes | 18/03/2010 | RICS 2010/1 | 30075402 | 06/08/2019 | 1 | 06/08/2019 | Archive | |||||
| Dewey Decimal Classification | London | London | Basement | 18/03/2010 | 690.2 WAT | 30075386 | 06/08/2019 | 1 | 06/08/2019 | Book | |||||
| Dewey Decimal Classification | London | London | Books | 18/03/2010 | 690.2 WAT | 30075385 | 06/08/2019 | 2 | 06/08/2019 | Book |